Berühmte Komponisten - Statistiken

Allgemein
  • Dieses Quiz wurde 291 mal gespielt
  • Das Durchschnittsergebnis liegt bei 10 aus 19
Antwortstatistiken
Stil Geburtsland Name % Korrekt
Klassik Österreich Wolfgang Amadeus Mozart
98%
Klassik Deutschland Ludwig van Beethoven
94%
Barock Deutschland Johann Sebastian Bach
93%
Klassik Österreich Joseph Haydn
76%
Barock Italien Antonio Vivaldi
74%
Barock Deutschland Greorg Friedrich Händel
74%
Romantik Polen Frédéric Chopin
70%
Klassik Österreich Franz Schubert
62%
Romantik Italien Guiseppe Verdi
60%
Romantik Deutschland Richard Wagner
60%
Romantik Norwegen Edvard Grieg
53%
Romantik Russland Pjotr Iljitsch Tschaikowski
52%
Romantik Tschechien Antonin Dvořák
50%
Romantik Österreich Franz Liszt
40%
Neue Musik Frankreich Maurice Ravel
29%
Romantik Deutschland Felix Mendelssohn Bartholdy
13%
Romantik Frankreich Camille Saint-Saëns
11%
Romantik Österreich Johann Strauss (Sohn)
10%
Romanrik Österreich Johann Strauss (Vater)
9%
Keine übereinstimmenden Quizze gefunden
Verteilung der Resultate
Anzahl Personen mit jedem Resultat
Perzentil nach korrekt beantworteten Fragen
Ihre Resultats-Entwicklung
Sie haben dieses Quiz noch nicht gespielt